|
|
แสดงรายละเอียดบรรณานุกรม |
|
|
Brief Record
: Get Marc (ISO 2709)
: E-mail record
: |
|
|
| LEADER 00000nam 2200000uu 4500 | |||
| 008 111028s2553||||th 000 0 tha d | |||
| 040 ^aBcnkk. | |||
| 041 0 ^aTha. | |||
| 060 0 ^aVCD 000244 | |||
| 100 0 ^aชินกร ไกรลาศ | |||
| 245 00 ^aบทสวดมนต์แปล./^bชินกร ไกรลาศ.[VCD]. | |||
| 260 ^c2553. | |||
| 300 ^aCD-ROM. | |||
| 650 0 ^aบทสวดมนต์. | |||
| 700 0 ^aพิสมัย มงคลสินธุ์. | |||
| 999 ^aใช้งานได้ทุกระบบ | |||
| คุณยังไม่ได้ล็อกอิน คุณสามารถมีกิจกรรมร่วมกับเว็บไซต์ได้ แต่ต้องล็อกอินก่อน :: |
|
| สถานะ | |||||||||
| 1. | สื่อวีดิทัศน์ | VCD 000244 2553 | On Shelf ขอยืม | ||||||
| [แสดง 1/1 รายการ] | |||||||||
| รายการใกล้เคียง หัวเรื่อง [บทสวดมนต์.]
|
BibComment |
| คอมเมนท์ทรัพยากรรายการนี้ |
|
|